000 01690nab a2200265 a 4500
005 20210219163102.0
008 991125s1985 mx 000 0 spa u
035 _aUPN01000216147
049 _aART
100 1 _aAlvarez Velasco, Carla
100 1 _umorena_alvarez@yahoo.com
222 0 _aICONOS : REVISTA DE CIENCIAS SOCIALES
245 0 0 _aArmas pequeñas y países pequeños :
_barmas de fuego en la agenda de seguridad internacional
260 _aQuito, Ecuador
300 _a139-159
362 0 _a2016 Número 55
520 3 _aEste artículo da cuenta de la entrada de las armas de fuego en la agenda internacional como una amenaza a la seguridad. Utilizando la propuesta teórica de la Escuela de Copenhague, se plantea que las armas pequeñas ganaron protagonismo a nivel global en el contexto internacional de la Posguerra Fría, gracias a los aportes de los países pequeños que se encontraban azotados por la violencia y a agentes no estatales. A nivel regional latinoamericano, aunque con importantes diferencias subregionales, las iniciativas de este subcontinente se convirtieron en un referente a seguir por el resto de naciones del mundo. En la actualidad, la energía positiva que impulsó la seguritización de las armas ha decaído, no obstante, el estudio de este proceso deja algunas lecciones relevantes tanto para la reflexión teórica como para el activismo político
653 0 _aARMAS DE FUEGO
653 0 _aSEGURITIZACION
653 0 _aVIOLENCIA
653 0 _aAGENDA INTERNACIONAL
856 4 _uhttp://www.redalyc.org/articulo.oa?id=50945652007
856 4 _uhttps://dialnet.unirioja.es/servlet/articulo?codigo=5457262
905 _aArticulo
999 _c188247
_d188247